Normal view MARC view

Entry Topical Term

Number of records used in: 1

001 - CONTROL NUMBER

  • control field: 12119

003 - CONTROL NUMBER IDENTIFIER

  • control field: OSt

005 - DATE AND TIME OF LATEST TRANSACTION

  • control field: 20170425200755.0

008 - FIXED-LENGTH DATA ELEMENTS

  • fixed length control field: 170425|| aca||aabn | a|a d

040 ## - CATALOGING SOURCE

  • Original cataloging agency: OSt
  • Transcribing agency: OSt

150 ## - HEADING--TOPICAL TERM

  • Topical term or geographic name entry element: Organizational behaviour

670 ## - SOURCE DATA FOUND

  • Source citation: Work cat.: (OSt)2392: Harrison,RoseMary; Kessels,Joseph. 5956, Human Resource Development in aknowledge economy: an organizational view, 2004